00332nam a2200109Ia 4500008004100000082000800041100001600049245004100065942000600106952009500112999001500207240331s9999 xx 000 0 und d bJEY aJeyarasa, S 0aKolamayamaakalum ilankaiyin kalviyum cL 001040708LaWERCLbWERCLcSSCd2024-03-31l0o 407 JEYp5805r2024-03-31w2024-03-31yL c3651d3651